[Event "BEL-ch U16"]
[Site "Blankenberge"]
[Date "2014.04.16"]
[Round "6"]
[White "Beheydt, Dries"]
[Black "Terwel, Diederick"]
[Result "1-0"]
[WhiteElo "1326"]
[BlackElo "1381"]
[PlyCount "55"]
[EventDate "2014.04.??"]
[EventType "swiss"]
[EventRounds "9"]
[EventCountry "BEL"]
[SourceTitle "EXT 2015"]
[Source "ChessBase"]
[SourceDate "2014.11.20"]
[SourceVersion "1"]
[SourceVersionDate "2014.11.20"]
[SourceQuality "1"]

1. d4 d5 2. c4 c6 3. Nc3 Nf6 4. Nf3 Bf5 5. Bf4 e6 6. e3 Bd6 7. Ne5 c5 8. Qa4+ Ke7 9. Bg5 dxc4 10. Qxc4 cxd4 11. Qxd4 Qc7 12. Nd3 Rd8 13. Rc1 Qd7 14. e4 e5 15. Nxe5 Bxe5 16. Qxe5+ Be6 17. Nd5+ Kf8 18. Nxf6 gxf6 19. Qxf6 Qd4 20. Qxd8+ Qxd8 21. Bxd8 Nc6 22. Bf6 Bxa2 23. Bb5 Re8 24. f3 Re6 25. Bc3 Ne7 26. Rd1 Bd5 27. Kf2 Bb3 28. Rd8# 1-0

[Event "BEL-ch U16"]
[Site "Blankenberge"]
[Date "2014.04.14"]
[Round "3"]
[White "Snoeks, Marnicq"]
[Black "Beheydt, Dries"]
[Result "1-0"]
[WhiteElo "1772"]
[BlackElo "1326"]
[PlyCount "65"]
[EventDate "2014.04.??"]
[EventType "swiss"]
[EventRounds "9"]
[EventCountry "BEL"]
[SourceTitle "EXT 2015"]
[Source "ChessBase"]
[SourceDate "2014.11.20"]
[SourceVersion "1"]
[SourceVersionDate "2014.11.20"]
[SourceQuality "1"]

1. e4 e5 2. Nf3 Nc6 3. Bc4 Bc5 4. d3 d6 5. Be3 Bb6 6. 0-0 Nf6 7. Nc3 Bg4 8. h3 Bh5 9. Bb5 0-0 10. Bxc6 bxc6 11. a4 a5 12. Qe2 Re8 13. Bxb6 cxb6 14. Qe3 Nd7 15. Ne2 Nc5 16. Ng3 Bxf3 17. Qxf3 Qg5 18. Nf5 Rad8 19. Qg3 Qxg3 20. fxg3 d5 21. exd5 cxd5 22. Ne3 e4 23. d4 Nb7 24. Rf5 g6 25. Rxd5 Rxd5 26. Nxd5 Rd8 27. c4 Rd6 28. Rd1 Kg7 29. Kf2 Nd8 30. g4 Ne6 31. Ke3 f5 32. gxf5 gxf5 33. Rf1 1-0